000 00616nam a22001817a 4500
999 _c80793
_d80793
008 201130b ||||| |||| 00| 0 eng d
040 _bger
_cDE-2950
_erda
_aDE-2950
041 _ager
100 _ared
245 _aMuseum setzt weiter auf Digitales
_bKultur Von Konzert bis Lesung läuft alles im Livestream...
_cred
653 _aFrankfurt (Oder)
653 _aMuseum
773 _dFrankfurt (Oder): Märkisches Verlags- und Druckhaus GmbH & Co KG
_g32. Jahrgang (2021) Nr. 53 vom 04.03.2021, S. 13
_tMärkische Oderzeitung
942 _cA